Nacje w grze Kozacy Powrót Na Wojnę - Statystyki

Ogólne statystyki
  • Ten quiz został rozwiązany 35 razy
  • Średni wynik to 13 z 20
Statystyki odpowiedzi
Nacje % Poprawnych
Polska
100%
Rosja
100%
Ukraina
93%
turcja
87%
Hiszpania
83%
Francja
80%
Szwecja
80%
Portugalia
73%
Prusy
70%
Anglia
67%
Austria
63%
Węgry
60%
Dania
57%
Holandia
50%
szwajcaria
47%
Algieria
43%
Saksonia
37%
Bawaria
33%
Piemont
27%
Wenecja
27%
Nie znaleziono quizów pasujących do podanych kryteriów
Rozkład punktacji
Procent ludzi z każdym wynikiem
Percentyl według liczby udzielonych odpowiedzi
Twoja historia wyników
Nie rozwiązałeś tego quizu